People's 100 Sexy Men of 2009 in 1 Minute Quiz Stats

 Plays Quiz not verified by Sporcle

Score 0/100 Timer 10:00
0 Plays Today
% Correct
George Clooney
92.7%
Brad Pitt
90.7%
Johnny Depp
81.9%
Taylor Lautner
81.6%
Zac Efron
77.7%
Matt Damon
76.8%
Robert Pattinson
72.8%
Will Smith
72.1%
David Beckham
70.6%
Hugh Jackman
69%
Leonardo DiCaprio
69%
Bradley Cooper
68.8%
Ryan Reynolds
68.4%
Ashton Kutcher
63.7%
Justin Timberlake
63.3%
Jake Gyllenhaal
62.6%
Gerard Butler
58.8%
The Jonas Brothers
57.7%
Daniel Radcliffe
52.2%
Channing Tatum
52.2%
Denzel Washington
51.1%
Hugh Laurie
49.8%
Chris Pine
47.8%
Colin Farrell
47.8%
Prince Harry
44.7%
Matthew Fox
44.2%
Orlando Bloom
44%
James Franco
43.4%
Chris Rock
42.3%
Colin Firth
41.4%
Mario Lopez
40.7%
Ryan Gosling
40.3%
New Kids on the Block
37.6%
Mark Wahlberg
36.7%
% Correct
Chace Crawford
36.3%
James McAvoy
35.8%
Kellan Lutz
35.4%
Robert Downey, Jr
35.2%
Shia LaBeouf
33.4%
Jamie Foxx
33.2%
Usher
32.5%
Keith Urban
31%
Ed Westwick
29.2%
Ben Affleck
29.2%
Daniel Craig
28.1%
Javier Bardem
27.9%
Paul Rudd
27.9%
Jon Stewart
27.4%
Matthew Mcconaughey
27.4%
Andy Samberg
26.1%
Patrick Dempsey
26.1%
Neil Patrick Harris
25%
Cory Monteith
24.3%
Luke Wilson
24.3%
Jon Hamm
24.1%
Alexander Skarsgard
23.9%
John Krasinski
23.9%
Idris Elba
23.9%
Adrian Grenier
23.7%
David Cook
22.6%
Brody Jenner
22.6%
Tom Brady
22.1%
Clive Owen
21.2%
David Boreanaz
21.2%
Penn Badgley
19.5%
John Cho
19.2%
Josh Duhamel
19%
Ne-Yo
17.3%
% Correct
Kal Penn
16.8%
Marlon Wayans
16.6%
Brad Paisley
16.4%
Eric Dane
15.7%
Kris Allen
15.3%
Michael C. Hall
15.3%
Paul Wesley
15.3%
Pete Wentz
14.6%
Ian Sommerhalder
14.2%
Chris Daughtry
14.2%
Blair Underwood
13.9%
Andy Roddick
13.7%
Ryan Kwanten
13.5%
Simon Baker
13.1%
Aaron Eckhart
12.2%
Taye Diggs
11.5%
Tim Gunn
11.3%
Zachary Quinto
11.3%
Ryan Phillippe
11.1%
Donald Faison
10.6%
Gavin Rossdale
10.4%
Tim McGraw
9.5%
Emile Hirsch
9.3%
Tyrese Gibson
8.4%
Julian McMahon
7.3%
Stephen Moyer
6.4%
Mark Ballas
6%
James Denton
5.1%
Hunter Parrish
3.8%
Tim Daly
2.4%
Maksim Chmerkovskiy
1.5%
Matt Dallas
0%

You're not logged in!

Compare scores with friends on all Sporcle quizzes.
OR
Log In

Show Comments

Extras

Top Quizzes Today


Score Distribution

Your Account Isn't Verified!

In order to create a playlist on Sporcle, you need to verify the email address you used during registration. Go to your Sporcle Settings to finish the process.

Report this User

Report this user for behavior that violates our Community Guidelines.

Details: